00379nam a22001577a 4500003000500000005001700005008004100022020001800063040000600081082001600087100002000103245002700123260003100150300001400181650002600195CEME20210628201659.0210215b xxu||||| |||| 00| 0 eng d a0-471-59399-0 c. a620.112 ROY aRoylance, David aMechanics of materials aNEW YORKbJOHN WILEYc1996 aXIII,315P aSTRENGTH OF MATERIALS